000 00668nam a22002417a 4500
005 20170124110045.0
010 _aA-459728
020 _c00.00
035 _aA-459728
037 _bCen Lib/Ret
040 _aDPL
_bEN
082 _a884
_bSHA
100 _aSharma, Brahma Dutta
_924467
245 _aEssays in American literature /
_cby Brahma Dutta Sharma
260 _aDelhi
_bR.K. publishers
_c1991
270 _bDelhi
_a30. Baburpura Bulandshahar
_e203001
300 _a249p.
_c21cm(Hb)
650 _aLiterature
_96262
650 _aAmerican literature
_923223
700 _924278
700 _924373
942 _2ddc
_cEN
_h884
_mSHA
999 _c128798
_d128798